| 000 | 01042nam a22002417a 4500 | ||
|---|---|---|---|
| 005 | 20240530110918.0 | ||
| 008 | 220221s2008 ua a g b 000 0 ara d | ||
| 017 |
_a2008/10576 _bمصر. دار الكتب |
||
| 020 | _a9789770924075 | ||
| 040 |
_aEG-CaGPL _cEG-CaGPL |
||
| 082 | 0 | 4 |
_221 _a338.900952\ _bأ ت |
| 100 | 1 | _aاونو، كينئيتشى | |
| 245 | 1 | 2 |
_aالتنمية الاقتصادية فى اليابان : _bالطريق الذى قطعته اليابان كدولة نامية / _cكينئيتشى اونو ؛ ترجمة خليل درويش ؛ مراجعة هير وشى شيو جيرى ، منى البرادعى |
| 250 | _aط.1 | ||
| 260 |
_aالقاهرة : _bدار الشروق ، _c2008 |
||
| 300 |
_a311 ص؛ _c24 سم |
||
| 650 | 0 | 7 |
_2qrmak _aازمة شووا المالية 1927 |
| 651 | 0 | 7 |
_aاليابان _xالتنمية الاقتصادية |
| 651 | 0 | 7 |
_aاليابان _xتاريخ |
| 700 | 0 |
_aخليل درويش _eمترجم |
|
| 942 |
_2ddc _cBK |
||
| 999 |
_c66424 _d66424 |
||